000 02071cam a2200181 4500500
005 20251228095112.0
041 _afre
042 _adc
100 1 0 _aSamama, Guy
_eauthor
245 0 0 _aStefan Zweig, L’Esprit européen en exil. Essais, discours, entretiens (1933-1942), sous la direction de Jacques Le Rider et Klemens Renoldner, Paris, Bartillat, 2020, 416 pages
260 _c2020.
500 _a33
520 _aMarie-Claire Busnel, qui fut chercheuse au Laboratoire de physiologie acoustique de l’inra, décrit au cours d’un entretien avec Isabelle Baladier-Bloch le parcours de ses recherches, ciblées d’abord sur la fonction des ultra-sons chez les chauves-souris, puis sur les effets du vacarme chez les enfants, et finalement sur les liens – invisibles – qui se tissent entre le fœtus et sa mère, le fœtus et son environnement sonore, domaine jusqu’ici resté dans l’ombre.
520 _aMarie-Claire Busnel, who was active in research for INRA’s Laboratoire de physiologie acoustique (laboratory for sound physiology), describes her research career in an interview with Isabelle Baladier-Bloch. She had first focused on the function of ultrasounds for bats, then on the effects of loud noise on children, and finally she worked on the invisible ties established between the foetus and its mother, and the foetus and its sound environment, a field which had so far not been brought to light.
520 _aMarie-Claire Busnel, que foi investigadora do Laboratório de Fisiologia Acústica do INRA, descreve, nesta entrevista com Isabelle Baladier-Bloch, o seu percurso científico que começou por incidir na função dos ultrassons nos morcegos e nos efeitos do ruído sobre as crianças, antes de se focar sobre os laços – invisíveis – que unem o feto à mãe e o feto ao ambiente sonoro ; um domínio de investigação que tem permanecido na sombra.
786 0 _nSigila | 45 | 1 | 2020-05-14 | p. 209a-214a | 1286-1715
856 4 1 _uhttps://shs.cairn.info/revue-sigila-2020-1-page-209a?lang=fr&redirect-ssocas=7080
999 _c1605569
_d1605569